Fundamentos de física /
Saved in:
| Main Author: | |
|---|---|
| Other Authors: | , |
| Format: | Book |
| Language: | Spanish English |
| Published: |
México :
Prentice-Hall Hispanoamericana,
1989.
|
| Edition: | 3a ed. |
| Subjects: |
MARC
| LEADER | 00000cam a2200000 a 4500 | ||
|---|---|---|---|
| 001 | 018711 | ||
| 003 | AR-BeUNQ | ||
| 005 | 20250519103115.0 | ||
| 007 | ta | ||
| 008 | 070524s1989 mx ad f 001 0 spa d | ||
| 999 | |c 18712 |d 94099 | ||
| 020 | |a 9688801933 | ||
| 040 | |a AR-BeUNQ |b spa |c Virgilio González Pozo |e aacr | ||
| 041 | 1 | |a spa |h eng | |
| 082 | 0 | 4 | |a 530 |2 21 |
| 100 | 1 | |a Blatt, Frank J |4 aut | |
| 245 | 1 | 0 | |a Fundamentos de física / |c Frank J. Blatt ; traducción Virgilio González Pozo ; revisión técnica Alberto Lima Sánchez. |
| 250 | |a 3a ed. | ||
| 260 | |a México : |b Prentice-Hall Hispanoamericana, |c 1989. | ||
| 300 | |a 878 p. : |b il., gráficos ; |c 26 cm. | ||
| 500 | |a Incluye índice analítico, ejercicios y respuestas. | ||
| 500 | |a Traducción de: Principles of physics. | ||
| 650 | 7 | |a Física |2 Spines | |
| 650 | 7 | |a Cinemática |2 Spines | |
| 650 | 7 | |a Termodinámica |2 Spines | |
| 650 | 7 | |a Movimiento (física) |2 Spines | |
| 650 | 7 | |a Magnetismo |2 Spines | |
| 650 | 7 | |a Electromagnetismo |2 Spines | |
| 650 | 7 | |a Relatividad |2 Spines | |
| 700 | 1 | |a González Pozo, Virgilio |d tr |4 trl |9 5351 | |
| 700 | 1 | |a Lima Sánchez, Alberto |d rev |4 rev |9 5352 | |
| 929 | |a DONACION |b Luciano Marpegan |d 0,00 |e 20050412 |f PAT0019550 |g Exp.827-0387/98 |j 40216 | ||
| 942 | |c LIB |n 0 | ||